• 首页
  • 本馆介绍
  • 公告通知
  • 最新文献
  • 馆藏检索
  • 电子资源
  • 读者导购
  • 参考咨询
  • 我的图书馆
  • 登录
  • 详细信息显示
  • 放入我的书架
  • 预约/预借图书
  • 作者相关作品
  • 分类相关作品
  • 丛书相关作品
  • 出版社相关作品

书目信息

  • 表格格式
  • 工作单格式
  • 卡片格式
题名:
野菜鉴别与食用手册
    
 
作者: 车晋滇 编著
分册:  
出版信息: 北京   化学工业出版社  2013.01
页数: 200页
开本: 17cm
丛书名: 亲近大自然系列
单 册:
中图分类: S647-62
科图分类:
主题词: 野生植物--蔬菜--鉴别--手册 , 野生植物 , 蔬菜
电子资源:
ISBN: 978-7-122-15086-8
000 00891oam2 2200289 450
001 010050020533
005 20140609155249.87
010    @a978-7-122-15086-8@dCNY36.00
100    @a20121227d2013 em y0chiy50 ea
101 0  @achi
102    @aCN@b110000
105    @aa z 001yy
106    @ar
200 1  @a野菜鉴别与食用手册@9ye cai jian bie yu shi yong shou ce@f车晋滇编著
205    @a2版
210    @a北京@c化学工业出版社@d2013.01
215    @a200页@c图@d17cm
225 2  @a亲近大自然系列
330    @a本书收录了我国主要常见野菜170余种,并对它们的识别特征、营养成分、药用功效、食用方法进行了简要介绍。
461  0 @12001 @a亲近大自然系列
606 0  @a野生植物@x蔬菜@x鉴别@j手册
606 0  @a野生植物
606 0  @a蔬菜
690    @aS647-62@v5
701  0 @a车晋滇@9che jin dian@f(1956-)@4编著
801  0 @aCN@bRENTIAN@c20121227
905    @b549977-79@dS647-62@e285=2@f3
    
    野菜鉴别与食用手册/车晋滇编著.-2版.-北京:化学工业出版社,2013.01
    200页:图;17cm.-(亲近大自然系列)
    
    
    ISBN 978-7-122-15086-8:CNY36.00
    本书收录了我国主要常见野菜170余种,并对它们的识别特征、营养成分、药用功效、食用方法进行了简要介绍。
●
相关链接 在E读中查询图书 在五车中查询图书 在当当中查询图书 在豆瓣中查询图书


正题名:野菜鉴别与食用手册     索取号:S647-62/285=2         预约/预借

序号 登录号 条形码 馆藏地/架位号 状态 备注
1 549977   205499771   第二样本阅览室/ [索取号:S647-62/285=2] 在馆    
2 549978   205499780   第三借阅区/ [索取号:S647-62/285=2] 在馆    
3 549979   205499799   密集书库-生命科学系/ [索取号:S647-62/285=2] 在馆    
唐山师范学院图书馆 欢迎您!
大连网信软件有限公司© 版权所有